000 00354nam a2200169Ia 4500
100 _aVenkataramani/Bhaskar
650 _aDSP
250 _a2
942 _cBK
366 _f20
245 _aDigital Signal processors
260 _bTata Mc Graw hill Ltd.
_c2011
082 _a621.3822
_bVEN
300 _a570
546 _aENGLISH
_cTTL
999 _c20852
_d20852